Score 0/23 Timer 03:00
0 Plays Today
Movie Missing Word % Correct
West ______ Story Side
99%
The ______ of Oz Wizard
98.9%
To ______ a Mockingbird Kill
96.9%
It’s a Wonderful ______Life
96.5%
Singin' in the ______ Rain
95%
My ______ Lady Fair
94.4%
One ______ Over the Cuckoo’s NestFlew
94.1%
A Clockwork ______ Orange
86.8%
______ Who’s Coming to Dinner Guess
84.2%
______ KaneCitizen
83.2%
A Streetcar Named ______ Desire
80.9%
______ Noon High
78.9%
Movie Missing Word % Correct
______ Year ItchSeven
76.4%
______ of Arabia Lawrence
75.4%
______ Zhivago Doctor
74.8%
The Manchurian ______ Candidate
71.4%
The ______ on the River Kwai Bridge
66.2%
Mr. ______ Goes to Washington Smith
64.8%
Bringing up ______ Baby
53.6%
______ Blvd. Sunset
53.6%
The ______ Queen African
47.8%
On the ______ Waterfront
39.2%
The ______ of the Sierra Madre Treasure
36%

Today's Daily Dose

Remove Ads.
Support Sporcle.
Get the best of Sporcle when you Go Orange. This ad-free experience offers more features, more stats, and more fun while also helping to support Sporcle. Thank you for becoming a member.

You're not logged in!

Compare scores with friends on all Sporcle quizzes.
OR
Log In

Show Comments

Extras

Top Quizzes Today


Score Distribution

Your Account Isn't Verified!

In order to create a playlist on Sporcle, you need to verify the email address you used during registration. Go to your Sporcle Settings to finish the process.

Report this User

Report this user for behavior that violates our Community Guidelines.

Details: